<?xml version="1.0" encoding="UTF-8"?>
<marc:record xmlns:marc="http://www.loc.gov/MARC21/slim">
   <marc:leader>00000nam a2200000 a 4500</marc:leader>
   <marc:datafield ind1="1" ind2=" " tag="100">
      <marc:subfield code="a">Dossenbach, Hans D.</marc:subfield>
      <marc:subfield code="4">aut</marc:subfield>
      <marc:subfield code="e">Verfasser/-in</marc:subfield>
   </marc:datafield>
   <marc:datafield ind1="1" ind2=" " tag="100">
      <marc:subfield code="a">Dossenbach, Monique</marc:subfield>
      <marc:subfield code="4">aut</marc:subfield>
      <marc:subfield code="e">Verfasser/-in</marc:subfield>
   </marc:datafield>
   <marc:datafield ind1=" " ind2=" " tag="653">
      <marc:subfield code="a">Pferd</marc:subfield>
   </marc:datafield>
   <marc:datafield ind1="0" ind2="0" tag="245">
      <marc:subfield code="a">König Pferd</marc:subfield>
   </marc:datafield>
   <marc:datafield ind1="0" ind2="0" tag="245">
      <marc:subfield code="c">Hans D. Dossenbach ; Monique Dossenbach</marc:subfield>
   </marc:datafield>
   <marc:datafield ind1=" " ind2="1" tag="264">
      <marc:subfield code="a">Stuttgart</marc:subfield>
      <marc:subfield code="b">Hallwag</marc:subfield>
      <marc:subfield code="c">1983</marc:subfield>
   </marc:datafield>
   <marc:datafield ind1=" " ind2=" " tag="250">
      <marc:subfield code="a">3. überarbeitete und ergänzte Aufl., 1991</marc:subfield>
   </marc:datafield>
   <marc:datafield ind1="1" ind2=" " tag="520">
      <marc:subfield code="a">Seit Jahrhunderten verwendet man auf Gestüten oder in Zuchtgebieten bestimmte Zeichen, welche dem Fohlen oder dem jungen Pferd bei der Aufnahme in das Zuchtregister am Hals, am Oberschenkel oder in der Sattellage mit einem glühenden Eisen auf die Haut gebrannt werden. Die Brandzeichen bleiben während des ganzen lebens erhalten und sind sichere Merkmale zur Erkennung der Herkunft des Pferdes. Viele der alten Brandzeichen tragen Kronen, sei es, weil es isch um Gestütsbrände gekrönter Häupter, um Zuchtbrände von Fürstentümern oder Königreichen handelt, sei es, weil die Züchtung den Adel des Pferdes gebührend würdigen wollen. Dem Titel unseres Buches entsprechen haben wir aus einer großen Zahl von Zeichen 126 "gekrönte" Brände zusammengestellt.</marc:subfield>
   </marc:datafield>
   <marc:datafield ind1=" " ind2=" " tag="020">
      <marc:subfield code="a">3444103794</marc:subfield>
      <marc:subfield code="9">3444103794</marc:subfield>
   </marc:datafield>
   <marc:datafield ind1=" " ind2=" " tag="300">
      <marc:subfield code="a">448 S.: Ill.</marc:subfield>
   </marc:datafield>
</marc:record>
